000 00661nam a2200241 i 4500
001 000030200
003 DO-SdBNP
005 20251202124651.0
007 ta
008 110504s2009 dr r 000 0 spa d
040 _aDO-SdBNP
_bspa
_cBNPHU
_erda
041 _aspa
082 _axxxx
_bG943
_222
245 0 0 _aGuía de negocios en la República Dominicana 2009.
264 _aSanto Domingo :
_bPellerano & Herrera,
_c2009.
300 _a68 páginas ;
_c28 cm.
336 _ardacontent
_brexto
_2txt
337 _ardamedia
_bsin mediación
_2n
338 _ardacarrier
_bvolumen
_2nc
590 _aInventariado, 2025/DG
910 _aDG
942 _2ddc
_cLBS1
999 _c29692
_d29692